| 000 | 01057nam a2200277 i 4500 | ||
|---|---|---|---|
| 001 | 19880 | ||
| 003 | ES-MaACL | ||
| 005 | 20251114151413.0 | ||
| 007 | t| | ||
| 008 | 021023s1931 sp ||||1| spa d | ||
| 080 | _a821.111(73)-23"19" | ||
| 080 | _a821.111(73)-22"19" | ||
| 245 | 0 | 0 |
_aTeatro social norteamericano / _cprólogo de Cristóbal de Castro ; traducción y notas de Horacio Castro. |
| 260 |
_aMadrid : _bM. Aguilar, _c1931. |
||
| 300 |
_a241 p. ; _c20 cm. |
||
| 505 | 8 | _aContiene: Los mesianistas : drama social en tres actos y cinco cuadros / Maxwell Anderson y Harold Hickerson. Los hombres grises : acción dramática en un prólogo y tres jornadas / Martin Flavin | |
| 700 | 1 |
_aAnderson, Maxwell. _921460 |
|
| 700 | 1 |
_aFlavin, Martin, _d1883-1967 _951138 |
|
| 700 | 1 |
_aHickerson, Harold. _963544 |
|
| 700 | 1 |
_aCastro, Cristóbal de, _d1874-1953 _936843 |
|
| 700 | 1 |
_aCastro, Horacio de. _936860 |
|
| 740 | 4 | _aLos mesianistas. | |
| 740 | 4 | _aLos hombres grises. | |
| 852 |
_aES-MaACL _jF-13733 |
||
| 999 |
_c19880 _d19880 |
||